Statistiken für Fischtown Pinguins Meisterkader 2014

Klicken Sie hier um das Quiz zu spielen!

Allgemein

  • Dieses Quiz wurde 2 mal gespielt
  • Das Durchschnittsergebnis liegt bei 10 aus 25

Antwortstatistiken

pos.Geburtsortakt. VereinAntwort% Korrekt
FKolin
Tschechoslowakei
EHF Passau
Black Hawks
Beck, Patrik
100%
FUst-Kamenogorsk
Sowjetunion (KAZ)
Hammer
Eisbären
Beck, Viktor
100%
FFriedburg
Deutschland
Letzter Verein
2020 Hannover
Scorpion
Dejdar, Marian
100%
FBerlin
Deutschland
ICE Dragons
Herford
Bombis, Björn
50%
FReston
Kanada
Letzter Verein
2017 Dresden
Cook, Brendan
50%
DWaldheim
Kanada
Letzter Verein
2020 Ingolstadt
Friesen, Dustin
50%
FNanaimo
Kanada
Letzter Verein
2020 Fischtown
Hooton, Brock
50%
GPeace River
Kanada
Hannover
Scorpions
Jaeger, Brett
50%
FKolin
Tschechoslowakei
Letzter Verein
2020 SC Kolin B
Kopecky, Jan
50%
FFriedland
Tschechien
Mighty Dogs
Schweinfurt
Kouba, Jan
50%
GBad Kissingen
Deutschland
Ravensburg
Towerstars
Langmann, Jonas
50%
DLondon
Kanada
Letzter Verein
2020 Bratislava
Capitals
Martinelli, Ryan
50%
FDauphin
Kanada
Weserstars
Bremen
McPherson, Andrew
50%
FMinsk
Sowjetunion (BLR)
Saale Bulls
Halle
Stas, Sergei
50%
FAntwerpen
Belgien
Crocodiles
Hamburg
Verelst, Sam
50%
DOstrava
Tschechoslowakei
Letzter Verein
2014 Fischtown
Walter, Martin
50%
GTroisdorf
Deutschland
Deggendorfer
SC
Deske, Niklas
0%
DBratislava
Tschechoslowakei
Letzter Verein
2019 Löwen
Frankfurt U25
Fatyka, Stanislav
0%
FKomotau
Tschechoslowakei
ECDC
Memmingen
Indians
Hafenrichter, Jaroslav
0%
DWinnipeg
Kanada
Letzter Verein
2014 Fischtown
Kampen, Alex
0%
DMannheim
Deutschland
Letzter Verein
2020 Rostock
Kohl, Marc
0%
FVictoria
Kanada
Letzter Verein
2015 Riessersee
Kosick, Mark
0%
FEbersberg
Deutschland
Ice Dragons
Herford
Rinke, Ralf
0%
DPlymouth
USA
EG Diez-Limburg
Rockets
Slaton, Stephen
0%
DArchangelsk
Sowjetunion
Letzter Verein
2019 Rostock
Telyukin, Andrei
0%

Verteilung der Resultate

Perzentil nach korrekt beantworteten Fragen

Anzahl Personen mit jedem Resultat

Ihre Resultats-Entwicklung

Sie haben dieses Quiz noch nicht gespielt